MAGNIFYING C. (Record no. 216719)

MARC details
000 -LEADER
fixed length control field 00502nam a22001697a 4500
008 - FIXED-LENGTH DATA ELEMENTS--GENERAL INFORMATION
fixed length control field 260227b |||||||| |||| 00| 0 eng d
022 ## - INTERNATIONAL STANDARD SERIAL NUMBER
International Standard Serial Number 978-81-203-3861-6
050 ## - LIBRARY OF CONGRESS CALL NUMBER
Classification number QA 76.73 .C15 G67 2009
100 ## - MAIN ENTRY--PERSONAL NAME
Personal name GOPAL, ARPITA.
245 ## - TITLE STATEMENT
Title MAGNIFYING C.
260 ## - PUBLICATION, DISTRIBUTION, ETC.
Place of publication, distribution, etc. NEW DELHI,
Name of publisher, distributor, etc. PHI LEARNING PRIVATE LIMITED,
Date of publication, distribution, etc. 2009.
300 ## - PHYSICAL DESCRIPTION
Extent xv, 476 P, ILL
500 ## - GENERAL NOTE
General note INCLUDE INDEX
650 ## - SUBJECT ADDED ENTRY
Topical term or geographic name entry element 1. COMPUTER PROGRAM LANGUAGE 2. COMPUTER PROGRAMMING TEXTBOOKS
942 ## - ADDED ENTRY ELEMENTS (KOHA)
Source of classification or shelving scheme Library of Congress Classification
Koha item type Long Loan Book

No items available.